Křesťanské přístupy k tržnímu hospodářství
Saved in:
| Main Author: | |
|---|---|
| Format: | Book |
| Language: | Czech |
| Published: |
Praha
Ústřední ústav národohospodářského výzkumu
1991
|
| Tags: |
No Tags, Be the first to tag this record!
|
MARC
| LEADER | 00000nam a2200000 4500 | ||
|---|---|---|---|
| 001 | c022249 | ||
| 005 | 20250526095906.7 | ||
| 041 | 0 | |a cze | |
| 044 | |a CZ | ||
| 245 | 1 | 0 | |a Křesťanské přístupy k tržnímu hospodářství |c Oldřich Mesároš |
| 264 | 1 | |a Praha |b Ústřední ústav národohospodářského výzkumu |c 1991 | |
| 300 | |a 41 s. | ||
| 100 | 1 | |a Mesároš, Oldřich | |